Szczegóły MARC21

Zoologia. T. 5, Ryby /

003 -Nazwa inst., której nr kontr. jest w polu 001 [,]
    • @
    • Nazwa instytucji, której n kontrolny jest w polu 001
    • NUKAT
005 -DATA I CZAS OSTATNIEJ MODYFIKACJI [,]
    • @
    • pole kontrolne
    • 20241231113923.0
020 -Międzynarod. znormalizowany nr książki - ISBN [ , ]
    • a
    • Numer ISBN
    • 8388988026 Find
040 -Instytucja sporządzająca opis [ , ]
    • a
    • Instytucja, która sporządziła opis (NP)
    • LUBL M/JK
    • c
    • Instytucja, która sporządziła rekord (NP)
    • LUBL M/JK
    • d
    • Instytucja, która zmodyfikowała rekord (P)
    • LUBL M/JKs
    • d
    • Instytucja, która zmodyfikowała rekord (P)
    • LUBL M/JD
942 -Rodzaj dokumentu [ , ]
    • c
    • Rodzaj dokumentu
    • Książka
100 -Hasło główne - nazwa osobowa [1, ]
    • a
    • Nazwa osobowa (NP)
    • Bieniarz, Krzysztof
    • d
    • Daty biograficzne (NP)
    • (1933-2016).
    • 9
    • KHW
    • 431496
245 -Strefa tytułu i oznaczenia odpowiedzialności [1,0]
    • a
    • Tytuł
    • Zoologia. Find
    • n
    • Oznaczenie części (P)
    • T. 5,
    • p
    • Nazwa części (P)
    • Ryby /
    • c
    • Pozostałe elementy strefy tytułu i oznaczenia odpowiedzialności (NP)
    • Krzysztof Bieniarz i Piotr Epler.
246 -Wariant tytułu [3,0]
    • a
    • Tytuł (NP)
    • Ryby
260 -Strefa adresu wydawniczego [ , ]
    • a
    • Miejsce wydania (P)
    • Kraków :
    • b
    • Nazwa wydawcy (P)
    • Albatros,
    • c
    • Data wydania (P)
    • 2004.
300 -Strefa opisu fizycznego [ , ]
    • a
    • Określenie formy książki i/lub objętość (NP)
    • 435, [1] s. :
    • b
    • Oznaczenie ilustracji (NP)
    • mapy, rys. ;
    • c
    • Format (NP)
    • 25 cm.
336 -Typ zawartości [ , ]
    • a
    • Termin opisujący typ zawartości
    • Tekst
    • b
    • Kod określający zawartość
    • txt
    • 2
    • Źródło (terminu i kodu)
    • rdacontent
337 -Typ mediów [ , ]
    • a
    • Tryb odtwarzania
    • Bez urządzenia pośredniczącego
    • b
    • Kod typu mediów
    • n
    • 2
    • Źródło (terminu i kodu)
    • rdamedia
338 -Typ/rodzaj nośnika [ , ]
    • a
    • Hasło opisujące typ nośnika
    • Wolumin
    • b
    • Kod typu nośnika
    • nc
    • 2
    • Źródło (terminu i kodu)
    • rdacarrier
490 -Strefa serii i książki wielotomowej - forma nie do wyszukiwania [1, ]
    • a
    • Tytuł (P)
    • Leksykon Popularnonaukowy Find
830 -Hasło dodatkowe serii i opisu książki wielotomowej - tytuł ujednolicony/tytuł [ ,0]
    • a
    • Tytuł ujednolicony/tytuł (NP)
    • Leksykon Popularnonaukowy
    • 9
    • KHW
    • 437977
504 -Uwaga dot. bibliogr. załącznikowej [ , ]
    • a
    • Uwaga dot. bibliografii załącznikowej
    • Bibliogr. s. 435.
504 -Uwaga dot. bibliogr. załącznikowej [ , ]
    • a
    • Uwaga dot. bibliografii załącznikowej
    • Indeksy.
080 -Uniwersalna Klasyfikacja Dziesiętna [ , ]
    • a
    • Symbol klasyfikacji
    • 0/9(03)
    • 9
    • UKD
    • 1871
    • 2
    • Identyfikator wydania tablic
    • UDC-P058
    • b
    • Dopowiedzenie
    • Encyklopedie. Leksykony. Wydawnictwa informacyjne o zakresie ogólnym lub obejmujące kilka dziedzin.
650 -Hasło przedmiotowe [ ,7]
    • a
    • Hasło przedmiotowe
    • Ryby
    • v
    • Określnik formalny
    • encyklopedie.
    • 2
    • Źródło terminu
    • kaba
    • 9
    • KHW
    • 438099
980 -Symbol UKD [ , ]
    • a
    • UKD
    • 0/9(03)
700 -Hasło dodatkowe - nazwa osobowa [1, ]
    • a
    • Nazwa osobowa (NP)
    • Epler, Piotr Find
    • d
    • Daty biograficzne (NP)
    • (1939-2012).
    • 9
    • KHW
    • 431497
920 -ISBN [ , ]
    • a
    • ISBN
    • 83-88988-02-6 Find
Lokalizacja Status udost. Data inwentaryzacji Numer inwentarzowy
BG12004-04-16Bl.10271